| 000 | 00950nmm a2200289 a 4500 | ||
|---|---|---|---|
| 001 | ocm0001299514 | ||
| 003 | TR-IsHL | ||
| 005 | 20201028162316.0 | ||
| 008 | 160715s2012 tu tur | ||
| 007 | cr cn | ||
| 020 | _a9786051311098 | ||
| 035 |
_a1299514 _b(N$T) |
||
| 050 | 0 | 4 |
_aBP80.N89 _bT37 2012 |
| 090 | 0 | 4 |
_aBP80.N89 _bT37 2012 |
| 100 | 1 | _aTarhan, Nevzat | |
| 245 | 1 | 0 |
_aÇağın vicdanı Bediüzzaman _h[electronic resource] / _cNevzat Tarhan |
| 260 |
_aİstanbul : _bNesil Yayınları, _c2012 |
||
| 300 | _a297 p. | ||
| 650 | 4 | _aFelsefe, Psikoloji ve Din | |
| 650 | 4 | _aPhilosophy, Psychology and Religion | |
| 650 | 0 | _aNursi, Said, 1873-1960. | |
| 650 | 0 | _aİslam ve siyaset (Türkiye) | |
| 650 | 0 | _aIslam and politics (Turkey) | |
| 650 | 0 | _aNurculuk | |
| 650 | 7 |
_aBIOGRAPHY & AUTOBIOGRAPHY / Religious _2bisacsh |
|
| 856 | 4 | 0 | _uhttp://search.ebscohost.com/login.aspx?direct=true&scope=site&db=e011xww&AN=1299514 |
| 999 |
_c14669 _d14669 |
||